Todas as Músicas do Yung Lixo/Yun li - Statistics

Estatísticas Gerais
  • Esse quiz foi jogado 145 vezes
    97 desde o último reset
  • A pontuação média é 54 de 111
Estatísticas das Respostas
Hint Resposta % Correto
13 Lentes de Um Final Feliz Corrida
75%
13 Lentes de Um Final Feliz Joias da Familia
75%
13 Lentes de Um Final Feliz Carruagem
74%
Bittersweet Memories Prefiro Morrer
74%
13 Lentes de Um Final Feliz Primavera
72%
Break Up Album Sakura
72%
13 Lentes de Um Final Feliz Não Me Faça Falar
70%
Validation Deluxe I Walk
69%
Bittersweet Memories Máquina do Tempo
69%
Mixtape Pra Te Impressionar Polaroid
69%
Validation Deluxe We Gold
69%
13 Lentes de Um Final Feliz Adeus
67%
Validation Deluxe Anjos da Guarda
67%
Validation Deluxe Sucesso FM
67%
Bittersweet Memories Flores de Outro Carnaval
66%
Bittersweet Memories O Filho Pródigo
66%
Validation Deluxe Rumo a Vitoria
66%
Trashtalk Tomodachi
66%
Validation Deluxe Waiting to Fly
66%
Bittersweet Memories Dirty Dancing
64%
Validation Deluxe Sonhar
64%
Bons Tempos Twist
64%
13 Lentes de Um Final Feliz Memórias
62%
13 Lentes de Um Final Feliz Nunca Paro
62%
Bittersweet Memories Oldschool
62%
Cybertapes 9MM
61%
13 Lentes de Um Final Feliz Deixa Doer
61%
13 Lentes de Um Final Feliz Lost in Translation
61%
Bons Tempos Playback
61%
Bittersweet Memories Quase Perfeito
61%
Bittersweet Memories The Story
61%
Bons Tempos Quando a Noite Vem
59%
Bittersweet Memories Saúde
59%
13 Lentes de Um Final Feliz Agradeço
57%
Validation Deluxe For My Family
57%
Bittersweet Memories Melhor Não
57%
Trashtalk Quinto Elemento
57%
Validation Deluxe The Lord and Me
57%
Trashtalk Da Vinci Code
56%
Validation Deluxe I'm in Love
56%
13 Lentes de Um Final Feliz Let Me See The Sun
56%
Bons Tempos Televisão
56%
Bons Tempos A Cidade Sem Você
54%
13 Lentes de Um Final Feliz Au Revoir
54%
Segura esse moleque Eu odeio os minions
54%
Break Up Album Será
54%
Break Up Album Estrela
52%
Validation Deluxe Goddamn
52%
Quarentapes Mentos Fresh
52%
Bons Tempos Amiga Fiel
51%
Bittersweet Memories Let it Pour
51%
Bons Tempos Oxford Shoes
51%
Bons Tempos Raise My Hands
51%
Quarentapes Samurai X
51%
Mixtape Pra Te Impressionar Vans Preto
51%
Bittersweet Memories Back Home
49%
Validation Deluxe Going Home
49%
Cybertapes Hitomi
49%
Cybertapes Noite
49%
Quarentapes Ratatouille
49%
Trashtalk Salafrária
49%
Trashtalk Danny Phantom
48%
Sono Tapes Diss pra Todo Mundo
48%
Quarentapes Porsche Panamera
48%
Bons Tempos Um Certo Alguém
48%
Bons Tempos American Dream
46%
Segura esse moleque Bike
46%
Cybertapes Diamantes e Peixes
46%
Sono Tapes Férias em Cuba
44%
Quarentapes Assalto ao Trap
43%
Cybertapes Tapa
43%
Mixtape Pra Te Impressionar Valsa
43%
Cybertapes Akira
41%
Trashtalk BTS
41%
Quarentapes Come-Come
41%
Cybertapes Fantasmas
41%
Segura esse moleque Otaco
41%
Quarentapes Yamete
41%
Sono Tapes Drip Veneno
39%
Quarentapes Milf Hunter
39%
Quarentapes Baile de Quarentena
38%
Mixtape Pra Te Impressionar Brilhar
38%
Trashtalk Bruce Lee
38%
Cybertapes Ghost Chroma
38%
Mixtape Pra Te Impressionar Radinho
38%
Segura esse moleque Tua mãe me ligou
38%
Mixtape Pra Te Impressionar Coca Zero
36%
Sono Tapes II Diss pra Todo Mundo 2
36%
Mixtape Pra Te Impressionar Escola
36%
Break Up Album Quem Faz Mal
36%
Sono Tapes II Rosas
36%
Sono Tapes Teacher
36%
Cybertapes Festa
33%
Sono Tapes II Mazda Medusa
33%
Trashtalk Não sou mais um
33%
Cybertapes Smooth af
33%
Segura esse moleque Suadoboys
33%
Trashtalk Syphon Filter
33%
Mixtape Pra Te Impressionar Ninja
31%
Sono Tapes II 4K
30%
Trashtalk Doce Vingança
30%
Segura esse moleque Drake & Josh
30%
Mixtape Pra Te Impressionar Acabou
28%
Sono Tapes II Uh Lala
28%
Quarentapes Phones3x
26%
Sono Tapes Bad Bitch
25%
Mixtape Pra Te Impressionar Sprinter Trueno
23%
Segura esse moleque Freestyle Foda
21%
Segura esse moleque Narutin
18%
Segura esse moleque EDGYKIDS
16%
Segura esse moleque Pobre
15%
Nenhum quiz correspondente encontrado
Distribuição das Pontuações
Porcentagem de Pessoas com Cada Pontuação
Percentil de Números Respondidos
Sua Pontuação Histórica
Você não jogou esse quiz desde o último reset